Súmulas do Tribunal de Contas da União : (Record no. 1472)

MARC details
000 -LÍDER
Campo Fixo de Controle 01194nam a2200289 a 4500
001 - NÚMERO DE CONTROLE
Campo de Controle 1472
003 - IDENTIFICAÇÃO DO NÚMERO DE CONTROLE
Campo de Controle BR-CuiBMT
005 - DATA E HORA DA ÚLTIMA ATUALIZAÇÃO
Campo de Controle 20231211220858.0
008 - DADOS FIXOS
Dados Fixos 231211s2014 bab 001 0 eng d
020 ## - INTERNATIONAL STANDARD BOOK NUMBER
Nº do ISBN 9788544201138
040 ## - AGÊNCIA CATALOGADORA
Código da Agência Catalogadora BR-CuiBMT
Agência que transcreveu o registro BR-CuiBMT
080 ## - Nº DA CLASSIFICAÇÃO DECIMAL UNIVERSAL
Nº Class. CDU 351.94:336.148
Nº edição CDU 2007
090 ## - NÚMERO DE CHAMADA
Nº classificação 351.94:336.148
Cutter C972s
100 10 - ENTRADA PRINCIPAL -- AUTOR PESSOAL
Nome pessoal Cunha, Bruno Santos
245 10 - TÍTULO PRINCIPAL
Título principal Súmulas do Tribunal de Contas da União :
Subtítulo organizadas por assunto, anotadas e comentadas : licitações e contratos administrativos, agentes públicos, jurisdição e processo no TCU /
Indicação de responsabilidade Bruno Santos Cunha, Thiago Mesquita Teles de Carvalho, Renato Saeger Magalhães Costa.
250 ## - EDIÇÃO
Edição 2. ed., rev., ampl. e atual.
260 ## - PUBLICAÇÃO, DISTRIBUIÇÃO, ETC.
Local de publicação Salvador :
Editora JusPODIVM,
Data 2014.
300 ## - DESCRIÇÃO FÍSICA
N. páginas ou volumes 531 p. ;
Dimensões 23 cm
504 ## - NOTA DE BIBLIOGRAFIA, ETC.
Nota de bibliografia Inclui bibliografia.
650 ## - ASSUNTO TÓPICO
Cabeçalho tópico ou nome geográfico Brasil
Subdivisão geral Tribunal de Contas da União
-- Jurisprudência
650 ## - ASSUNTO TÓPICO
Cabeçalho tópico ou nome geográfico Tribunal de contas
Subdivisão geral Súmulas
Subdivisão geográfica Brasil
650 ## - ASSUNTO TÓPICO
Cabeçalho tópico ou nome geográfico Contrato administrativo
Subdivisão geral Jurisprudência
Subdivisão geográfica Brasil
650 ## - ASSUNTO TÓPICO
Cabeçalho tópico ou nome geográfico Servidor público
Subdivisão geral Aposentadoria
-- Jurisprudência
Subdivisão geográfica Brasil
700 ## - ENTRADA SECUNDÁRIA -- NOME PESSOAL
Nome pessoal Carvalho, Thiago Mesquita Teles de.
700 ## - ENTRADA SECUNDÁRIA -- NOME PESSOAL
Nome pessoal Costa, Renato Saeger Magalhães
942 ## - ELEMENTOS DE ENTRADA ADICIONAIS (KOHA)
Fonte de classificação ou esquema de arquivamento Classificação Decimal Universal
Tipo de item do Koha Livros
Holdings
Estado: removido Estado: perdido Fonte de classificação ou esquema de arquivamento Estado: danificado Indisponível para empréstimo Localização permanente Localização atual Data de aquisição Total Checkouts Número de Chamada completo Código de barras Date last seen Número do exemplar Preço efetivo a partir de Tipo de item (Koha)
    Classificação Decimal Universal     Biblioteca da Escola Superior de Contas do TCE/MT Biblioteca da Escola Superior de Contas do TCE/MT 11/12/2023   351.94:336.148 C972s 2. ed. BIBTCEMT23120371 11/12/2023 Ex. 1 11/12/2023 Livros

Powered by Koha